000 00434nam a2200181Ia 4500
005 20250423100842.0
008 250422s9999 xx 000 0 und d
020 _a0136061613
050 _aHF 5438.4.J33/
100 _aJackson, Ralph W.
245 0 _aSales and sales management
260 _axiv, New Jersey
260 _bPrentice Hall Inc
260 _c1996
300 _a546 p
650 _aSales Management
942 _cBK
999 _c34533
_d34533